Osborne CP/M user guide /

Bibliographic Details
Main Author: Hogan, Thom, 1952-
Format: Book
Language:English
Published: Berkeley, Calif. : Osborne/McGraw-Hill, [1982]
Edition:2nd ed.
Subjects:

MARC

Tag First Indicator Second Indicator Subfields
LEADER 00000cam a2200000 a 4500
001 in00000087909
005 20151008063048.0
008 830602s1982 caua b 00110 eng
010 |a  83105133  
020 |a 0931988829 (pbk.) 
035 |a (OCoLC)08829980 
035 |9 AAK1505AM 
039 0 |a 2  |b 3  |c 3  |d 3  |e 3 
040 |a DLC  |c DLC  |d TXA  |d UtOrBLW 
049 |a TXAM  |c 1 [802454], 2 [A09096801] 
050 0 0 |a QA76.8.O73  |b H64 1982 
082 0 |a 001.64/2  |2 19 
090 |a QA76.6  |b .H62 1982 
100 1 |a Hogan, Thom,  |d 1952- 
245 1 0 |a Osborne CP/M user guide /  |c by Thom Hogan. 
250 |a 2nd ed. 
264 1 |a Berkeley, Calif. :  |b Osborne/McGraw-Hill,  |c [1982] 
264 4 |c ©1982 
300 |a xii, 286 pages :  |b illustrations ;  |c 24 cm. 
336 |a text  |b txt  |2 rdacontent 
337 |a unmediated  |b n  |2 rdamedia 
338 |a volume  |b nc  |2 rdacarrier 
500 |a Includes index. 
504 |a Bibliography: pages 259-266. 
650 0 |a Osborne 1 (Computer)  |x Programming. 
630 0 0 |a CP/M. 
740 0 |a CP/M user guide. 
999 |a MARS 
999 f f |s 92bb03d1-2642-36aa-84c9-30cade92084a  |i c8d2c7f5-d302-31aa-b2b2-b004006a17f6  |t 0 
952 f f |p ric  |a Texas A&M University  |b Rellis Campus  |c Joint Library Facility  |d Remote Storage  |t 0  |e QA76.6 .H62 1982  |h Library of Congress classification  |i unmediated -- volume  |m A14809096801 
998 f f |a QA76.6 .H62 1982  |t 0  |l Remote Storage